Μαθήματα ωτορινολαρυγγολογίας /
| Κύριος συγγραφέας: | |
|---|---|
| Μορφή: | Βιβλίο |
| Γλώσσα: | Greek |
| Έκδοση: |
Αθήνα :
[χ.ο.],
1975
|
| Θέματα: |
| LEADER | 00574nam a2200181 a 4500 | ||
|---|---|---|---|
| 001 | GR-Patra21630 | ||
| 008 | 070518s1975 gr g 000 0 gre d | ||
| 040 | |a GrPaTEI |b gre |c GR-PaULI | ||
| 040 | |a GrPaTEI |b gre |c GR-PaULI | ||
| 082 | 0 | |a 617.51 |2 21 | |
| 100 | 1 | |a Λεβεντάκη, Γ. | |
| 245 | 1 | 0 | |a Μαθήματα ωτορινολαρυγγολογίας / |c Γ. Λεβεντάκη. |
| 260 | |a Αθήνα : |b [χ.ο.], |c 1975 | ||
| 300 | |a 161 σ. | ||
| 650 | 4 | |a ΩΤΟΡΙΝΟΛΑΡΥΓΓΟΛΟΓΙΑ | |
| 942 | |2 ddc | ||
| 971 | |a .b2669203x |b 16-04-20 |c 26-09-16 | ||
| 999 | |c 175520 |d 175520 | ||